Największe miasta w Polsce pod względem ludności - Statystyki

Ogólne statystyki
  • Ten quiz został rozwiązany 21 razy
  • Średni wynik to 9 z 10
Statystyki odpowiedzi
Liczba ludności odpowiedzi % Poprawnych
490000 Gdańsk
100%
800000 Kraków
100%
540000 Poznań
100%
1800000 Warszawa
100%
320000 Bydgoszcz
95%
670000 Wrocław
95%
650000 Łódź
90%
390000 Szczecin
90%
290000 Białystok
86%
330000 Lublin
76%
Nie znaleziono quizów pasujących do podanych kryteriów
Rozkład punktacji
Procent ludzi z każdym wynikiem
Percentyl według liczby udzielonych odpowiedzi
Twoja historia wyników
Nie rozwiązałeś tego quizu